God's country : (Record no. 25479)

000 -LEADER
fixed length control field 01469cam a2200289 a 4500
001 - CONTROL NUMBER
control field 15495521
005 - DATE AND TIME OF LATEST TRANSACTION
control field 20170131123241.0
008 - FIXED-LENGTH DATA ELEMENTS--GENERAL INFORMATION
fixed length control field 081023s2009 nyua b 001 0 eng
010 ## - LIBRARY OF CONGRESS CONTROL NUMBER
LC control number 2008046307
020 ## - INTERNATIONAL STANDARD BOOK NUMBER
International Standard Book Number 9781933360379 (pbk. : alk. paper)
035 ## - SYSTEM CONTROL NUMBER
System control number (OCoLC)ocn268547455
040 ## - CATALOGING SOURCE
Original cataloging agency DLC
Transcribing agency DLC
Modifying agency YDX
-- DLC
043 ## - GEOGRAPHIC AREA CODE
Geographic area code n-us-pa
-- n-us-ny
050 00 - LIBRARY OF CONGRESS CALL NUMBER
Classification number NA5230
Item number .N72G465 2009
100 1# - MAIN ENTRY--PERSONAL NAME
Personal name Kitt, Phyllis Pittman,
Dates associated with a name 1929-
245 10 - TITLE STATEMENT
Title God's country :
Remainder of title historic churches and chapels of the Genesee Valley /
Statement of responsibility, etc. Phyllis Pittman Kitt ; with a foreword by Stuart Bolger and a commentary on architecture by consulting architect, Frank Grosso.
260 ## - PUBLICATION, DISTRIBUTION, ETC. (IMPRINT)
Place of publication, distribution, etc. Rochester, N.Y. :
Name of publisher, distributor, etc. RIT Press,
Date of publication, distribution, etc. c2009.
300 ## - PHYSICAL DESCRIPTION
Extent 236 p. :
Other physical details col. ill. ;
Dimensions 31 cm.
504 ## - BIBLIOGRAPHY, ETC. NOTE
Bibliography, etc Includes bibliographical references and index.
650 #0 - SUBJECT ADDED ENTRY--TOPICAL TERM
Topical term or geographic name as entry element Church architecture
Geographic subdivision Genesee River Valley (Pa. and N.Y.)
650 #0 - SUBJECT ADDED ENTRY--TOPICAL TERM
Topical term or geographic name as entry element Historic buildings
Geographic subdivision Genesee River Valley (Pa. and N.Y.)
700 1# - ADDED ENTRY--PERSONAL NAME
Personal name Grosso, Frank.
Title of a work On architecture.
942 ## - ADDED ENTRY ELEMENTS (KOHA)
Source of classification or shelving scheme
Koha item type Hard Covered Materials
Classification part NA5230 .N72G465 2009

No items available.

© Machakos University Library, Along The Highway, Machakos Wote Rd, Machakos, Kenya P.O. Box 136 - 90100 Machakos - Kenya

Tel: ( +254 ) 723 805829 OR Fax : 044-20353 OR Email: library@mksu.ac.ke